| 000 | 01302nac a2200361 a 4500 | ||
|---|---|---|---|
| 003 | CO-PeBPM | ||
| 005 | 20260406220647.0 | ||
| 007 | ta | ||
| 008 | 260406s2011 ck a|||| |||| 00| 0 spa d | ||
| 020 | _a9789583036132 | ||
| 040 |
_aCO-PeBPM _bspa _cCO-PeBPM _erda |
||
| 041 | _aspa | ||
| 082 | 0 | 4 |
_a759.13 W275S _222 |
| 100 | 1 |
_aSirrocco _eautor |
|
| 245 | 1 |
_aWarhol _b: 1928-1987 _c/ Sirrocco: traducción Héctor Daniel Suárez Relaiza; Revisión Ramón Cote Baraibar |
|
| 250 | _aSegunda edición | ||
| 264 |
_aBogotá, Colombia _b: Panamericana Editorial _c, 2011 |
||
| 300 |
_a256 páginas _bilustraciones a color _c17 centimetros |
||
| 336 |
_2rdacontent _atexto _btxt |
||
| 337 |
_2rdamedia _asin mediación _bn |
||
| 338 |
_2rdacarrier _avolumen _bnc |
||
| 490 | _aColección Mega | ||
| 500 | _aIncluye índice al final del texto | ||
| 500 | _aContiene biografía del autor | ||
| 600 | 1 | 7 |
_aWarhol, Andy _d, 1928-1987 _xCrítica e Interpretación |
| 600 | 1 | 7 | _aWarhol, Andy , 1928-1987 - Vida y obra |
| 600 | 1 | 7 |
_aWarhol, Andy _d, 1928-1987 _xTrabajos pictóricos |
| 650 | 1 |
_aPintores estadounidenses _2LEMB |
|
| 650 | 1 |
_aArte pop - Estados Unidos _2LEMB |
|
| 700 | 1 |
_aSuárez Relaiza, Héctor Daniel _etraducción |
|
| 700 | 1 |
_aCote Baraibar, Ramón _eRevisión |
|
| 942 |
_2ddc _n0 _cBK |
||
| 999 |
_c107298 _d107298 |
||